Themes fondamentaux dans la littérature roumaine

Bewaard in:
Bibliografische gegevens
Hoofdauteur: Papu, Edgar
Formaat: Boek
Taal:Undetermined
Gepubliceerd in: Bucarest, Rumania Stiintifica si Enciclopedica 1983
Onderwerpen:
Tags: Voeg label toe
Geen labels, Wees de eerste die dit record labelt!

MARC

LEADER 00000nam a2200000Ia 4500
008 170316s9999 xx 000 0 und d
040 |a cru BVZT 
090 |a 859 P-1t 
100 |a Papu, Edgar 
245 |a Themes fondamentaux dans la littérature roumaine  |c Edgar Papu 
260 |a Bucarest, Rumania 
260 |b Stiintifica si Enciclopedica 
260 |c 1983 
300 |a 91 páginas 
650 |a LITERATURA RUMANA 
999 |c 23666  |d 23666 
942 |c LIB  |h 859 P-1t  |2 z